000 00684nas a2200229 4500
001 BR7700023
003 BR-BrBNA
005 20231205083026.0
007 ta
008 230509b bl.|||p| |||| 00| 00por d
040 _aBR-BrBNA
_bpor
_cBiblioteca Nacional de Agricultura
041 _a(Pt)
072 _aH20
100 1 _aBastos, C.N.
245 1 _aOcorrencia de dimeriellopsis sp. em mamao (Carica papaya L.)[fungo, fumagina]
650 _aFUMAGINA
650 _aFUNGO
650 _aMAMAO
773 0 _tBoletim do Instituto Biologico da Bahia (Brazil)
_xISSN 0020-3661
_g(1975), v. 14(1) p. 6-8
_wBR7700023
909 _a202311
_bLúcia
_c55
_dLúcia Elande
942 _2AGRIS
_n0
_cANA
999 _c95848
_d95848